01215cam a2200289 a 4500001000500000005001700005020003800022040002300060050001500083082000800098100001800106245009600124260003900220300004500259490002900304505000800333520015100341521002000492521002000512650002000532700001600552906004500568942001500613999001500628952013800643952014400781411920240710094540.0 a9780618723966 (pbk. : alk. paper) aDLCcDLCdDLCbeng00aPZ7.P42583 a4161 aPerez, Monica10aThe kite /cadapted by Monica Perez ; based on the TV series teleplay written by Joe Fallon aBoston :bHoughton Mifflin ;c2006 a21 pages :bcolor illustrations ;c23 cm aCurious George vLevel 1 aH  aCurious George loves a good windy day. There are many things he can practice flying ... like a kite! Now if only he doesn't get too carried away!. a450 bLexile  aH bRaz-Plus  aWind vFiction 1 aFallon, Joe a7bcbccorignewd1eecipf20gy-gencatlg 2ddccBKn0 c4119d4119 00102ddc40708JUVFa001b001cTTPd2024-06-07l1oPER 416 PZ7.P42583pFIS03094r2025-05-26 08:15:58s2025-05-19t1w2024-06-07yBK 00102ddc40708JUVFa001b001cTK Blued2024-07-10l1oPER 416 PZ7.P42583pFISTK01542r2024-09-04 08:38:28s2024-08-28t2w2024-07-10yBK